01423nam a22002297a 450000500170000000800410001702000150005804000250007305000160009808200240011410000220013824500570016026000440021730000410026150000500030250506970035265000250104965000400107465000510111465000100116570000180117520230823161136.0230823b ||||| |||| 00| 0 eng d a0273646095 aWIUC - GHcWIUC - GH aHD30.22.N45 2dc21a338.5'024'658 aNellis, Joseph G. aPrinciples of business economics /cJoseph G. Nellis aHarlow, EnglandbFT Prentice Hallc2002 axviii, 395 p:bills, glossary, index aIncludes bibliographical references and index aContents: Business economics: an overview -- The analysis of consumer demand -- The analysis of production costs -- Analysis of the firm's supply decision -- Demand, supply and price determination -- Analysis of perfectly competitive markets -- Analysis of monopoly markets -- Analysis of monopolistically competitive markets -- Oligopoly -- Managerial objectives and the firm -- Understanding competitive strategy -- Understanding pricing strategies -- Understanding the market for labour -- Understanding the market for capital -- Understanding the market for natural resources -- Government and business -- Business and economic forecasting -- Business economics - a checklist for managers aManagerial economics aI. Parker, David, 1949 Sept.28- II  aNellis J.G. Essence of business economics. III aTitle aParker, David